00678nam a2200205 i 450000100060000000300090000600500170001500700030003200800410003510000210007624500670009725000120016426000520017630000220022849000790025065000290032971000330035883000600039185200210045155845ES-MaACL20250830095444.0t|030929s1975 sp ||||1| spa d1 aDíaz, Elías.10aEstado de derecho y sociedad democrática / cElías Díaz. a6ª ed. aMadrid : bCuadernos para el Diálogo, c1975. a204 p. ; c18 cm.1 aDivulgación universitaria. Filosofía y derecho. Temas políticos ;v507aEstado de derecho2embne2 aCuadernos para el Diálogo.10aDivulgación universitaria. pFilosofía y derechov5 aES-MaACLjE-8400